00568nam a22001692 4500001001100000005001700011008004100028020002700069040001500096100003300111245010100144260002700245300001600272650003400288650007300322852000300395000000948420151217152055.0081031s xx 000 0 eng d a0761931856 :cKES 2760 aKABUcKABU1 aBoslaugh, Sarah.@000016099813aAn Intermediate guide to SPSS programming :busing syntax for data management /cSarah Boslaugh. aLondon :bSAGE,c2005. axi, 233 p. 0aSPSS for Windows.@0000160999 0aSocial sciencesxStatistical methodsxComputer programs.@00001498961